[Event "Titled Tuesday intern op 02nd Apr Early"]
[Site "Chess.com INT"]
[Date "2024.04.02"]
[Round "1"]
[White "Teimouri Yadkuri, Shahdad"]
[Black "Ivanova, Karina"]
[Result "1-0"]
[WhiteElo "2201"]
[BlackElo "2085"]
[PlyCount "71"]
[EventDate "2024.04.02"]
[EventType "swiss (blitz)"]
[EventRounds "11"]
[EventCountry "USA"]
[SourceTitle "CB15_2024"]
[SourceDate "2024.04.10"]
[SourceVersion "1"]
[SourceVersionDate "2024.04.10"]
[SourceQuality "1"]

1. Nf3 Nf6 2. c4 c5 3. Nc3 e6 4. g3 b6 5. Bg2 Bb7 6. 0-0 Be7 7. b3 0-0 8. Bb2 d5 9. cxd5 Nxd5 10. Nxd5 Qxd5 11. Rc1 Nc6 12. Ne5 Qd6 13. Nxc6 Bxc6 14. Bxc6 Qxc6 15. d4 Qe4 16. dxc5 Bxc5 17. Rc4 Qf5 18. e4 Qg6 19. Kg2 Rfd8 20. Qe2 Bf8 21. h4 Rac8 22. Rfc1 Rxc4 23. Rxc4 h5 24. Rc7 a5 25. Rc6 Bc5 26. Bc3 Qg4 27. f3 Qg6 28. Bxa5 Qh6 29. Be1 Qc1 30. b4 Rd1 31. Kf1 Bxb4 32. Rxc1 Rxc1 33. Kg2 Rxe1 34. Qb5 Bc5 35. Qe8+ Kh7 36. Qxf7 1-0

[Event "Titled Tuesday intern op 29th Aug Early"]
[Site "Chess.com INT"]
[Date "2023.08.29"]
[Round "1"]
[White "Ivanova, Karina"]
[Black "Hamitevici, Vladimir"]
[Result "1-0"]
[WhiteElo "2085"]
[BlackElo "2494"]
[PlyCount "33"]
[EventDate "2023.08.29"]
[EventType "swiss (blitz)"]
[EventRounds "11"]
[EventCountry "USA"]
[SourceTitle "EXT 2024"]
[Source "ChessBase"]
[SourceDate "2023.10.10"]
[SourceVersion "1"]
[SourceVersionDate "2023.10.10"]
[SourceQuality "1"]

1. Nf3 f5 2. g3 Nf6 3. Bg2 e6 4. d4 d5 5. Bf4 Bd6 6. Bxd6 Qxd6 7. 0-0 Nbd7 8. Nbd2 c5 9. c4 cxd4 10. Nxd4 Qb6 11. e3 0-0 12. cxd5 Nxd5 13. Nc4 Qb4 14. Nxe6 N5f6 15. Nxf8 Qxc4 16. Nxd7 Bxd7 17. Qb3 1-0

[Event "Titled Tuesday intern op 15th Aug Late"]
[Site "Chess.com INT"]
[Date "2023.08.15"]
[Round "2"]
[White "Hajiyev, Kanan"]
[Black "Ivanova, Karina"]
[Result "1-0"]
[WhiteElo "2109"]
[BlackElo "2085"]
[PlyCount "113"]
[EventDate "2023.08.15"]
[EventType "swiss (blitz)"]
[EventRounds "11"]
[EventCountry "USA"]
[SourceTitle "EXT 2024"]
[Source "ChessBase"]
[SourceDate "2023.10.10"]
[SourceVersion "1"]
[SourceVersionDate "2023.10.10"]
[SourceQuality "1"]

1. d4 Nf6 2. Nf3 e6 3. c4 b6 4. a3 Bb7 5. Nc3 d5 6. Bg5 Be7 7. e3 0-0 8. Qc2 c5 9. dxc5 bxc5 10. cxd5 exd5 11. Bd3 h6 12. Bh4 Nc6 13. 0-0 d4 14. exd4 Nxd4 15. Nxd4 cxd4 16. Ne2 Rc8 17. Qd2 Qb6 18. Rac1 Rfd8 19. Rxc8 Bxc8 20. Re1 Ne4 21. Bxe4 Bxh4 22. Bd3 Bf6 23. Ng3 Be6 24. Ne4 Be5 25. Rc1 Rc8 26. Rxc8+ Bxc8 27. h3 Be6 28. Bb1 Bd5 29. b4 Bxe4 30. Bxe4 Qc7 31. Kf1 h5 32. Bd3 g6 33. Qc2 Qxc2 34. Bxc2 Kf8 35. Ke2 Ke7 36. Kd3 Kd6 37. Kc4 Bg7 38. a4 Kc6 39. a5 Kd6 40. Bd3 Be5 41. Kb5 Kc7 42. Ka6 Kb8 43. Kb5 Kc7 44. Kc5 Bd6+ 45. Kc4 Be5 46. Kd5 Bg7 47. b5 Bh8 48. Bc4 Kd7 49. Kc5 Kc7 50. Bxf7 d3 51. Bxg6 d2 52. Bxh5 Bc3 53. b6+ axb6+ 54. axb6+ Kb7 55. Bf3+ Ka6 56. b7 Ka7 57. h4 1-0

[Event "Titled Tuesday intern op 15th Aug Early"]
[Site "Chess.com INT"]
[Date "2023.08.15"]
[Round "2"]
[White "Ivanova, Karina"]
[Black "Pandey, Srishti"]
[Result "1-0"]
[WhiteElo "2085"]
[BlackElo "2133"]
[PlyCount "131"]
[EventDate "2023.08.15"]
[EventType "swiss (blitz)"]
[EventRounds "11"]
[EventCountry "USA"]
[SourceTitle "EXT 2024"]
[Source "ChessBase"]
[SourceDate "2023.10.10"]
[SourceVersion "1"]
[SourceVersionDate "2023.10.10"]
[SourceQuality "1"]

1. d4 Nf6 2. Nf3 g6 3. c4 Bg7 4. g3 d6 5. Bg2 0-0 6. 0-0 Nbd7 7. Nc3 e5 8. e4 c6 9. h3 Re8 10. Be3 exd4 11. Nxd4 Nc5 12. Qc2 a5 13. Rfe1 Bd7 14. Rad1 Qc8 15. Kh2 Re5 16. Nf3 Rh5 17. h4 Ng4+ 18. Kg1 Nxe3 19. Rxe3 Bh6 20. Ree1 Qc7 21. b3 Re8 22. a3 Bg7 23. Nd4 Rhe5 24. b4 axb4 25. axb4 Na6 26. Qb3 R5e7 27. Re2 Qb6 28. Nc2 Bg4 29. Na4 Qa7 30. Bf3 Bxf3 31. Qxf3 Nxb4 32. Nxb4 Qxa4 33. Rb1 Bd4 34. Ra2 Qxa2 35. Nxa2 Rxe4 36. Rxb7 Re1+ 37. Kg2 Rf8 38. Qd3 Bc5 39. Rb2 Ra8 40. Re2 Ra1 41. Nc3 R1a3 42. Qc2 f5 43. h5 Bd4 44. Nd1 c5 45. hxg6 hxg6 46. g4 Rf8 47. Ne3 Bxe3 48. Rxe3 Ra7 49. gxf5 Rxf5 50. Rg3 Rg7 51. Qd3 Rf6 52. Rg5 Re7 53. Rxg6+ Rxg6+ 54. Qxg6+ Rg7 55. Qxg7+ Kxg7 56. Kf3 Kf6 57. Ke4 Ke6 58. f3 Kd7 59. Kd5 Kc7 60. f4 Kd7 61. f5 Ke7 62. Kc6 Kf6 63. Kxd6 Kxf5 64. Kxc5 Ke6 65. Kc6 Ke7 66. Kc7 1-0

[Event "Titled Tuesday intern op 15th Aug Late"]
[Site "Chess.com INT"]
[Date "2023.08.15"]
[Round "1"]
[White "Zavgorodniy, Sergiy"]
[Black "Ivanova, Karina"]
[Result "1/2-1/2"]
[WhiteElo "2416"]
[BlackElo "2085"]
[PlyCount "64"]
[EventDate "2023.08.15"]
[EventType "swiss (blitz)"]
[EventRounds "11"]
[EventCountry "USA"]
[SourceTitle "EXT 2024"]
[Source "ChessBase"]
[SourceDate "2023.10.10"]
[SourceVersion "1"]
[SourceVersionDate "2023.10.10"]
[SourceQuality "1"]

1. d4 Nf6 2. c4 e6 3. Nf3 b6 4. g3 Bb7 5. Bg2 Be7 6. 0-0 0-0 7. b3 d5 8. Nbd2 c5 9. Bb2 dxc4 10. Nxc4 Nbd7 11. Rc1 Rc8 12. e3 cxd4 13. Nxd4 Bxg2 14. Kxg2 Qc7 15. Qf3 Nc5 16. Rfd1 Rfd8 17. Nb5 Qb8 18. Nbd6 Bxd6 19. Nxd6 Rxd6 20. Rxd6 Qxd6 21. Bxf6 gxf6 22. b4 f5 23. bxc5 Rxc5 24. Rd1 Rd5 25. Rc1 Rc5 26. Rxc5 Qxc5 27. Qa8+ Kg7 28. Qxa7 Qd5+ 29. Kg1 Qd1+ 30. Kg2 Qd5+ 31. Kg1 Qd1+ 32. Kg2 Qd5+ 1/2-1/2

[Event "Titled Tuesday intern op 08th Aug Late"]
[Site "Chess.com INT"]
[Date "2023.08.08"]
[Round "1"]
[White "Principe, Gerson"]
[Black "Ivanova, Karina"]
[Result "1-0"]
[WhiteElo "2213"]
[BlackElo "2085"]
[PlyCount "103"]
[EventDate "2023.08.08"]
[EventType "swiss (blitz)"]
[EventRounds "11"]
[EventCountry "USA"]
[SourceTitle "EXT 2024"]
[Source "ChessBase"]
[SourceDate "2023.10.10"]
[SourceVersion "1"]
[SourceVersionDate "2023.10.10"]
[SourceQuality "1"]

1. Nf3 Nf6 2. b3 g6 3. Bb2 d5 4. g3 Bg7 5. Bg2 0-0 6. 0-0 c5 7. e3 Nc6 8. d4 Ne4 9. Nbd2 Bf5 10. c4 Nxd2 11. Qxd2 dxc4 12. bxc4 Be4 13. d5 Bxb2 14. Qxb2 Na5 15. Nd2 Bxg2 16. Kxg2 f5 17. Rfd1 Qc8 18. Qc3 b6 19. Nf3 Rf6 20. Ng5 Qb7 21. Kg1 Rd8 22. Ne6 Rd6 23. Rac1 Qc8 24. h4 Nb7 25. h5 Nd8 26. Ng5 Nf7 27. f4 gxh5 28. Nf3 Rg6 29. Kf2 e6 30. Nh4 Rg7 31. dxe6 Rxe6 32. Nxf5 Rgg6 33. Rd5 Re8 34. Rcd1 Qe6 35. Nh4 Rg7 36. Rxh5 Nh6 37. Rxh6 Qxh6 38. Qd3 Qe6 39. Nf5 Rg6 40. Qd5 Qxd5 41. cxd5 Kf7 42. Kf3 Rd8 43. e4 h5 44. e5 b5 45. Nh4 Rh6 46. Nf5 Rg6 47. Ke4 c4 48. e6+ Kg8 49. Ke5 h4 50. Ne7+ Kg7 51. Nxg6 Kxg6 52. gxh4 1-0

[Event "Titled Tuesday intern op 04th Jul Early"]
[Site "Chess.com INT"]
[Date "2023.07.04"]
[Round "6"]
[White "Ivanova, Karina"]
[Black "Ho, In Hei Henry"]
[Result "1-0"]
[WhiteElo "2085"]
[BlackElo "1707"]
[PlyCount "71"]
[EventDate "2023.07.04"]
[EventType "swiss (blitz)"]
[EventRounds "11"]
[EventCountry "USA"]
[SourceTitle "EXT 2024"]
[Source "ChessBase"]
[SourceDate "2023.10.10"]
[SourceVersion "1"]
[SourceVersionDate "2023.10.10"]
[SourceQuality "1"]

1. Nf3 Nf6 2. g3 g6 3. Bg2 Bg7 4. 0-0 0-0 5. c4 c6 6. d4 d5 7. b3 Bg4 8. Bb2 Nbd7 9. Nc3 Rc8 10. h3 Bxf3 11. Bxf3 e5 12. cxd5 e4 13. Nxe4 cxd5 14. Nxf6+ Nxf6 15. Rc1 Qd7 16. Bg2 Qf5 17. Qd2 Ne4 18. Qd3 Bh6 19. e3 Rxc1 20. Bxc1 Rc8 21. Bb2 b5 22. Qe2 b4 23. Rc1 Rxc1+ 24. Bxc1 Nc3 25. Qb2 Qd3 26. Bf1 Qf5 27. Bd2 Ne4 28. Bxb4 Bg5 29. Be1 h5 30. h4 Qg4 31. hxg5 Nxg5 32. Bg2 h4 33. Kf1 h3 34. Bh1 h2 35. f4 Ne4 36. Qxh2 1-0

[Event "Titled Tuesday intern op 04th Jul Early"]
[Site "Chess.com INT"]
[Date "2023.07.04"]
[Round "3"]
[White "Mazurkiewicz, Michal"]
[Black "Ivanova, Karina"]
[Result "1-0"]
[WhiteElo "2145"]
[BlackElo "2085"]
[PlyCount "59"]
[EventDate "2023.07.04"]
[EventType "swiss (blitz)"]
[EventRounds "11"]
[EventCountry "USA"]
[SourceTitle "EXT 2024"]
[Source "ChessBase"]
[SourceDate "2023.10.10"]
[SourceVersion "1"]
[SourceVersionDate "2023.10.10"]
[SourceQuality "1"]

1. e4 c6 2. d3 d5 3. Nd2 e5 4. Ngf3 Bd6 5. d4 exd4 6. exd5 cxd5 7. Nxd4 Nf6 8. Bb5+ Bd7 9. Qe2+ Qe7 10. Qxe7+ Bxe7 11. 0-0 0-0 12. Re1 Re8 13. N2f3 Nc6 14. Bxc6 bxc6 15. Ne5 Bd6 16. Bf4 Bxe5 17. Bxe5 Ne4 18. Bf4 f6 19. f3 Nc5 20. Kf2 Ne6 21. Ne2 Kf7 22. Be3 Rab8 23. b3 a6 24. Rad1 Re7 25. Bc1 Rbe8 26. Ba3 c5 27. Rxd5 Bc6 28. Rd6 Bb5 29. c4 Rd7 30. Red1 1-0

[Event "Titled Tuesday intern op 27th Jun Early"]
[Site "Chess.com INT"]
[Date "2023.06.27"]
[Round "3"]
[White "Gatterer, Florian"]
[Black "Ivanova, Karina"]
[Result "1/2-1/2"]
[WhiteElo "2170"]
[BlackElo "2085"]
[PlyCount "138"]
[EventDate "2023.06.27"]
[EventType "swiss (blitz)"]
[EventRounds "11"]
[EventCountry "USA"]
[SourceTitle "EXT 2024"]
[Source "ChessBase"]
[SourceDate "2023.10.10"]
[SourceVersion "1"]
[SourceVersionDate "2023.10.10"]
[SourceQuality "1"]

1. b3 e5 2. Bb2 Nc6 3. e3 Nf6 4. Nf3 Bd6 5. d4 exd4 6. Nxd4 Nxd4 7. Bxd4 0-0 8. Be2 c6 9. 0-0 Bc7 10. c4 d5 11. Nc3 dxc4 12. bxc4 Bf5 13. h3 Qd6 14. f4 c5 15. Bxf6 Qxf6 16. Nd5 Qd6 17. Nxc7 Qxc7 18. Bf3 Rad8 19. Qb3 b6 20. Rad1 Rfe8 21. Bd5 Qe7 22. Rfe1 Be4 23. a4 Bxd5 24. Rxd5 Rxd5 25. cxd5 f5 26. a5 Qd6 27. axb6 axb6 28. Kf2 Rd8 29. Rb1 Qxd5 30. Qxd5+ Rxd5 31. Rxb6 Rd2+ 32. Kf3 g6 33. Rb7 c4 34. Rc7 Rc2 35. g4 Rh2 36. Kg3 Re2 37. Rxc4 Rxe3+ 38. Kh4 fxg4 39. hxg4 Re7 40. Rc6 Kg7 41. Rb6 h6 42. Ra6 Rf7 43. Kg3 Re7 44. Rc6 Re3+ 45. Kf2 Re7 46. Kf3 Rf7 47. Ke4 Re7+ 48. Kd4 Rf7 49. Ke5 Re7+ 50. Re6 Rf7 51. f5 gxf5 52. gxf5 h5 53. Rg6+ Kh7 54. Rg2 Rg7 55. Rh2 Kh6 56. Ke6 Rg1 57. f6 Re1+ 58. Kf7 Kg5 59. Kg7 h4 60. Rg2+ Kh5 61. f7 Re7 62. Kf6 Rxf7+ 63. Kxf7 h3 64. Rg8 Kh4 65. Kf6 h2 66. Kf5 Kh3 67. Kf4 h1Q 68. Rh8+ Kg2 69. Rxh1 Kxh1 1/2-1/2

[Event "Titled Tuesday intern op 27th Jun Early"]
[Site "Chess.com INT"]
[Date "2023.06.27"]
[Round "4"]
[White "Valle Luis, Leo"]
[Black "Ivanova, Karina"]
[Result "1-0"]
[WhiteElo "2354"]
[BlackElo "2085"]
[PlyCount "61"]
[EventDate "2023.06.27"]
[EventType "swiss (blitz)"]
[EventRounds "11"]
[EventCountry "USA"]
[SourceTitle "EXT 2024"]
[Source "ChessBase"]
[SourceDate "2023.10.10"]
[SourceVersion "1"]
[SourceVersionDate "2023.10.10"]
[SourceQuality "1"]

1. e4 e5 2. Nf3 Nc6 3. Bb5 Nf6 4. 0-0 d6 5. Re1 a6 6. Ba4 b5 7. Bb3 Be7 8. c3 0-0 9. h3 Bb7 10. d4 exd4 11. cxd4 Na5 12. Bc2 c5 13. d5 Nd7 14. Nc3 b4 15. Ne2 Bf6 16. Ng3 g6 17. Rb1 Nc4 18. b3 Nce5 19. Nxe5 Bxe5 20. f4 Bd4+ 21. Be3 Bc3 22. Rf1 f6 23. Qg4 Qe7 24. Nf5 Qd8 25. Nxd6 Ra7 26. Nc4 Qe7 27. Qe6+ Rf7 28. Nd6 Qxe6 29. dxe6 Re7 30. exd7 Rxd7 31. Bxc5 1-0

[Event "Titled Tuesday intern op 13th Jun Late"]
[Site "Chess.com INT"]
[Date "2023.06.13"]
[Round "1"]
[White "Kraiouchkine, Nikita"]
[Black "Ivanova, Karina"]
[Result "1/2-1/2"]
[WhiteElo "2218"]
[BlackElo "2085"]
[PlyCount "83"]
[EventDate "2023.06.13"]
[EventType "swiss (blitz)"]
[EventRounds "11"]
[EventCountry "USA"]
[SourceTitle "EXT 2024"]
[Source "ChessBase"]
[SourceDate "2023.10.10"]
[SourceVersion "1"]
[SourceVersionDate "2023.10.10"]
[SourceQuality "1"]

1. e4 c6 2. d4 d5 3. Nc3 dxe4 4. Nxe4 Bf5 5. Ng3 Bg6 6. h4 h6 7. Nf3 Nd7 8. h5 Bh7 9. Bd3 Bxd3 10. Qxd3 e6 11. Bf4 Qa5+ 12. Bd2 Qc7 13. 0-0-0 Ngf6 14. Ne4 0-0-0 15. g3 Be7 16. Nxf6 Nxf6 17. Ne5 Bd6 18. f4 c5 19. Kb1 cxd4 20. Qxd4 Bxe5 21. Qxe5 Qxe5 22. fxe5 Ne4 23. Bf4 Rxd1+ 24. Rxd1 Rd8 25. Rxd8+ Kxd8 26. c4 Kd7 27. Kc2 Kc6 28. Kd3 Nc5+ 29. Kd4 Nd7 30. b4 a6 31. a4 b5 32. cxb5+ axb5 33. a5 Nb8 34. g4 Na6 35. Bd2 Kd7 36. g5 hxg5 37. Bxg5 Ke8 38. Bd2 Ke7 39. Ke4 Kd7 40. Kd4 Ke8 41. Ke4 Kd7 42. Kd4 1/2-1/2

[Event "Titled Tuesday intern op 31st Jan Early"]
[Site "Chess.com INT"]
[Date "2023.01.31"]
[Round "9"]
[White "Ivanova, Karina"]
[Black "Jovic, Stanoje"]
[Result "1-0"]
[WhiteElo "2085"]
[BlackElo "2051"]
[PlyCount "73"]
[EventDate "2023.01.31"]
[EventType "swiss (blitz)"]
[EventRounds "11"]
[EventCountry "USA"]
[SourceTitle "CBM 212 Extra"]
[Source "ChessBase"]
[SourceDate "2023.03.31"]
[SourceVersion "1"]
[SourceVersionDate "2023.03.31"]
[SourceQuality "1"]

1. d4 Nf6 2. Nf3 e6 3. g3 b5 4. c4 bxc4 5. Qa4 a5 6. Qxc4 Bb4+ 7. Nc3 Ba6 8. Qb3 0-0 9. Bg2 d5 10. a3 Bc4 11. Qc2 Bxc3+ 12. Qxc3 Ne4 13. Qc2 a4 14. Nd2 Nxd2 15. Bxd2 c5 16. dxc5 Na6 17. Qxa4 Nxc5 18. Qc2 Nb3 19. Rd1 Rc8 20. Bb4 Re8 21. 0-0 Qb6 22. Rfe1 Nd4 23. Qd2 Nb3 24. Qc2 Qb5 25. e3 e5 26. Qf5 g6 27. Qf6 Rc6 28. Qg5 Kg7 29. g4 h6 30. Qh4 g5 31. Qg3 f6 32. f4 Be2 33. Rd2 Bc4 34. h4 exf4 35. exf4 gxf4 36. Qf2 Rxe1+ 37. Qxe1 1-0

[Event "Titled Tuesday intern op 31st Jan Early"]
[Site "Chess.com INT"]
[Date "2023.01.31"]
[Round "8"]
[White "Ivanova, Karina"]
[Black "Zong, Davis Jr"]
[Result "0-1"]
[WhiteElo "2085"]
[BlackElo "2151"]
[PlyCount "100"]
[EventDate "2023.01.31"]
[EventType "swiss (blitz)"]
[EventRounds "11"]
[EventCountry "USA"]
[SourceTitle "CBM 212 Extra"]
[Source "ChessBase"]
[SourceDate "2023.03.31"]
[SourceVersion "1"]
[SourceVersionDate "2023.03.31"]
[SourceQuality "1"]

1. d4 d5 2. Nf3 Nf6 3. c4 c6 4. g3 e6 5. Nbd2 Be7 6. Bg2 0-0 7. 0-0 b6 8. Qc2 Bb7 9. e4 dxe4 10. Nxe4 Nbd7 11. Rd1 Qc8 12. Bf4 Nxe4 13. Qxe4 c5 14. Qe2 cxd4 15. Nxd4 Bxg2 16. Kxg2 Qb7+ 17. Qf3 Qxf3+ 18. Nxf3 Nf6 19. Rac1 Rfd8 20. b3 Ne4 21. Bc7 Rxd1 22. Rxd1 Kf8 23. Be5 f6 24. Bd4 Rd8 25. Re1 Nd2 26. Be3 Nxf3 27. Kxf3 e5 28. Ke4 Kf7 29. Re2 Bb4 30. f4 exf4 31. Bxf4 g5 32. Be3 h5 33. h3 Re8+ 34. Kf3 Kg6 35. g4 f5 36. gxf5+ Kxf5 37. Bd4 g4+ 38. hxg4+ hxg4+ 39. Kf2 Rxe2+ 40. Kxe2 Ke4 41. Bg1 g3 42. Be3 Bc5 43. Bxc5 bxc5 44. a3 a5 45. Kf1 Kd4 46. Kg2 Kc3 47. Kxg3 Kxb3 48. Kf3 Kxa3 49. Ke4 Kb3 50. Kd5 Kb4 0-1

[Event "Titled Tuesday intern op 31st Jan Early"]
[Site "Chess.com INT"]
[Date "2023.01.31"]
[Round "10"]
[White "Rose, Felix"]
[Black "Ivanova, Karina"]
[Result "1/2-1/2"]
[WhiteElo "2091"]
[BlackElo "2085"]
[PlyCount "118"]
[EventDate "2023.01.31"]
[EventType "swiss (blitz)"]
[EventRounds "11"]
[EventCountry "USA"]
[SourceTitle "CBM 212 Extra"]
[Source "ChessBase"]
[SourceDate "2023.03.31"]
[SourceVersion "1"]
[SourceVersionDate "2023.03.31"]
[SourceQuality "1"]

1. d4 Nf6 2. Nf3 e6 3. Bf4 c5 4. e3 b6 5. Nbd2 Bb7 6. c3 Nc6 7. Bd3 d5 8. h4 Bd6 9. Bxd6 Qxd6 10. dxc5 bxc5 11. e4 Rd8 12. Bb5 dxe4 13. Ng5 e3 14. fxe3 Qg3+ 15. Kf1 Qxe3 16. Ngf3 0-0 17. Qe2 Ng4 18. Qxe3 Nxe3+ 19. Kf2 Nd5 20. Ne4 a6 21. Nxc5 axb5 22. Nxb7 Rb8 23. Nc5 Rfc8 24. Nd3 f6 25. a4 bxa4 26. Rxa4 e5 27. Nd2 Nb6 28. Ra6 Rd8 29. Ke2 f5 30. Rf1 g6 31. Nc5 e4 32. g4 Rd5 33. gxf5 Rxc5 34. fxg6 hxg6 35. Nxe4 Re5 36. Rf4 Rbe8 37. Rxb6 Rxe4+ 38. Rxe4 Rxe4+ 39. Kf3 Re6 40. Kg3 Kf7 41. b4 Ne5 42. Rxe6 Kxe6 43. Kf4 Nc4 44. Kg5 Kf7 45. h5 gxh5 46. Kxh5 Ke6 47. Kg4 Kd5 48. Kf3 Kc6 49. Ke4 Kb5 50. Kd4 Nb2 51. Kd5 Nc4 52. Kd4 Na3 53. Kd5 Nc4 54. Ke4 Nb2 55. Kd4 Nc4 56. Kd3 Ne5+ 57. Ke4 Nc6 58. Kd5 Nxb4+ 59. cxb4 Kxb4 1/2-1/2

[Event "Titled Tuesday intern op 31st Jan Early"]
[Site "Chess.com INT"]
[Date "2023.01.31"]
[Round "11"]
[White "Turzo, Attila"]
[Black "Ivanova, Karina"]
[Result "0-1"]
[WhiteElo "2291"]
[BlackElo "2085"]
[PlyCount "134"]
[EventDate "2023.01.31"]
[EventType "swiss (blitz)"]
[EventRounds "11"]
[EventCountry "USA"]
[SourceTitle "CBM 212 Extra"]
[Source "ChessBase"]
[SourceDate "2023.03.31"]
[SourceVersion "1"]
[SourceVersionDate "2023.03.31"]
[SourceQuality "1"]

1. d4 Nf6 2. c4 e6 3. Nf3 b6 4. g3 Bb7 5. Bg2 Be7 6. 0-0 0-0 7. Nc3 Ne4 8. Bd2 Nxc3 9. Bxc3 d6 10. d5 e5 11. e4 Nd7 12. b4 f5 13. exf5 Rxf5 14. Qc2 Rf8 15. Nd2 Nf6 16. Ne4 Bc8 17. Ng5 h6 18. Ne6 Bxe6 19. dxe6 Rc8 20. f4 exf4 21. Rxf4 c6 22. Rd1 b5 23. cxb5 cxb5 24. Qd3 a6 25. Bb2 Qc7 26. Rc1 Qb6+ 27. Kh1 Rxc1+ 28. Bxc1 Rc8 29. Be3 Qc7 30. Rf1 Qc2 31. Qxc2 Rxc2 32. Rf2 Rxf2 33. Bxf2 d5 34. a3 Ne4 35. Bd4 Bd6 36. Bxe4 dxe4 37. Kg2 Kf8 38. Kf2 g6 39. Ke3 Ke7 40. Kxe4 Kxe6 41. Bf2 h5 42. h3 Be5 43. g4 hxg4 44. hxg4 Bb2 45. Kd3 Bxa3 46. Be1 Bb2 47. Kc2 Bd4 48. Kd3 Kd5 49. Bg3 Bb6 50. Bf4 a5 51. bxa5 Bxa5 52. Be3 Bb4 53. Bf4 Bc5 54. Kc3 Ke4 55. Bc7 Kf3 56. g5 Kg4 57. Bd8 Kf5 58. Kb3 Be3 59. Kb4 Bxg5 60. Bb6 Ke4 61. Kxb5 Be3 62. Bc7 g5 63. Kc4 g4 64. Bg3 Bf4 65. Bh4 Be3 66. Kc3 Kf3 67. Kd3 Bf2 0-1

[Event "Titled Tuesday intern op 10th Jan Early"]
[Site "Chess.com INT"]
[Date "2023.01.10"]
[Round "5"]
[White "Ivanova, Karina"]
[Black "Topalov, Aleksandar"]
[Result "0-1"]
[WhiteElo "2085"]
[BlackElo "2233"]
[PlyCount "100"]
[EventDate "2023.01.10"]
[EventType "swiss (blitz)"]
[EventRounds "11"]
[EventCountry "USA"]
[SourceTitle "EXT 2024"]
[Source "ChessBase"]
[SourceDate "2023.10.10"]
[SourceVersion "1"]
[SourceVersionDate "2023.10.10"]
[SourceQuality "1"]

1. Nf3 Nf6 2. g3 g6 3. Bg2 Bg7 4. 0-0 0-0 5. d4 c5 6. c4 cxd4 7. Nxd4 Nc6 8. Nc3 Nxd4 9. Qxd4 d6 10. b3 a6 11. Bb2 Rb8 12. a4 Bd7 13. Rfb1 Bc6 14. Nd5 Bxd5 15. Bxd5 a5 16. Qd2 Nxd5 17. Bxg7 Kxg7 18. Qxd5 Qb6 19. Qb5 Qc7 20. b4 b6 21. Qd5 Rfc8 22. bxa5 bxa5 23. Rxb8 Rxb8 24. Rc1 Qc5 25. Qe4 e6 26. Qd3 Rb4 27. Qc3+ Kg8 28. Qc2 Qb6 29. c5 dxc5 30. Qxc5 Qxc5 31. Rxc5 Rxa4 32. Rc8+ Kg7 33. Ra8 h5 34. h4 Ra2 35. Kg2 e5 36. e4 a4 37. Ra6 a3 38. Kf3 Ra1 39. Ra5 a2 40. Ra8 Kf6 41. Ra6+ Ke7 42. Ra7+ Kd6 43. Ra6+ Kc5 44. Ra8 Kd4 45. Ra4+ Kd3 46. Ra3+ Kd2 47. Ra8 Ke1 48. Ke3 Kf1 49. Ra5 Re1+ 50. Kd2 a1Q 0-1

[Event "Titled Tuesday intern op 03rd Jan Early"]
[Site "Chess.com INT"]
[Date "2023.01.03"]
[Round "10"]
[White "Ivanova, Karina"]
[Black "Bashirli, Saadat"]
[Result "1-0"]
[WhiteElo "2085"]
[BlackElo "1597"]
[PlyCount "59"]
[EventDate "2023.01.03"]
[EventType "swiss (blitz)"]
[EventRounds "11"]
[EventCountry "USA"]
[SourceTitle "EXT 2024"]
[Source "ChessBase"]
[SourceDate "2023.10.10"]
[SourceVersion "1"]
[SourceVersionDate "2023.10.10"]
[SourceQuality "1"]

1. Nf3 d5 2. g3 Nf6 3. Bg2 Bg4 4. 0-0 e6 5. h3 Bf5 6. d3 c5 7. c4 Nc6 8. cxd5 exd5 9. Nc3 Bd6 10. e4 dxe4 11. dxe4 Be6 12. Re1 Ne5 13. Nxe5 Bxe5 14. Be3 Qe7 15. Qa4+ Bd7 16. Qb3 Bc6 17. Nd5 Qd7 18. Bxc5 b6 19. Ba3 Qe6 20. f4 Bd6 21. Nxf6+ gxf6 22. Qxe6+ fxe6 23. Bxd6 Rc8 24. Rac1 Kd7 25. e5 Bxg2 26. Kxg2 fxe5 27. Bxe5 Rxc1 28. Rxc1 Rg8 29. Rc7+ Kd8 30. Rxa7 1-0

[Event "Motiva Online Blitz (Women)"]
[Site "Chess.com INT"]
[Date "2021.12.18"]
[Round "5"]
[White "Ivanova, Karina"]
[Black "Kholyavko, Mariya"]
[Result "0-1"]
[WhiteElo "2085"]
[BlackElo "1270"]
[PlyCount "76"]
[EventDate "2021.12.18"]
[EventType "swiss (blitz)"]
[EventRounds "13"]
[EventCountry "USA"]
[SourceTitle "CBM 205 Extra"]
[Source "ChessBase"]
[SourceDate "2022.01.31"]
[SourceVersion "1"]
[SourceVersionDate "2022.01.31"]
[SourceQuality "1"]

1. Nf3 Nf6 2. g3 e6 3. Bg2 c5 4. c4 Nc6 5. d4 cxd4 6. Nxd4 Bc5 7. Nb3 Bb6 8. 0-0 0-0 9. Nc3 Bc7 10. Bg5 h6 11. Bd2 b6 12. e4 Bb7 13. f4 d6 14. Nb5 a6 15. N5d4 Nxd4 16. Nxd4 Bxe4 17. Bxe4 Nxe4 18. Re1 Nxd2 19. Qxd2 Qf6 20. Rad1 Rfd8 21. Qg2 Rac8 22. Qb7 b5 23. cxb5 axb5 24. Qxb5 Bb8 25. Nc6 Re8 26. Nxb8 Rxb8 27. Qe2 Qxb2 28. Qxb2 Rxb2 29. Rxd6 Rxa2 30. Rd7 Rc8 31. Rb1 Rcc2 32. Rb8+ Kh7 33. Rb1 Rg2+ 34. Kh1 Rxh2+ 35. Kg1 Rag2+ 36. Kf1 Rxg3 37. Rbb7 Ra3 38. Rxf7 Ra1+ 0-1

[Event "Titled Tuesday intern op 12th Jan"]
[Site "Chess.com INT"]
[Date "2021.01.12"]
[Round "2"]
[White "Purtseladze, Maka"]
[Black "Ivanova, Karina"]
[Result "0-1"]
[WhiteElo "2274"]
[BlackElo "2085"]
[PlyCount "142"]
[EventDate "2021.01.12"]
[EventType "swiss (blitz)"]
[EventRounds "11"]
[EventCountry "USA"]
[SourceTitle "CBM 200 Extra"]
[Source "ChessBase"]
[SourceDate "2021.03.31"]
[SourceVersion "1"]
[SourceVersionDate "2021.03.31"]
[SourceQuality "1"]

1. d4 Nf6 2. Bg5 d5 3. e3 Nbd7 4. Bd3 e6 5. Nf3 Be7 6. 0-0 0-0 7. c3 c5 8. Nbd2 Qc7 9. Qc2 b6 10. e4 dxe4 11. Nxe4 h6 12. Bh4 Bb7 13. Bg3 Qc6 14. Rfe1 Rfd8 15. a4 a6 16. Rad1 c4 17. Nxf6+ Nxf6 18. Bf1 b5 19. Ne5 Qb6 20. f3 Rac8 21. Bf2 Qc7 22. axb5 axb5 23. g3 Bd5 24. Bg2 Qb7 25. Ra1 Ra8 26. Be3 Nd7 27. Nxd7 Rxd7 28. f4 Bxg2 29. Qxg2 Qxg2+ 30. Kxg2 Rda7 31. Rxa7 Rxa7 32. Kf3 Ra2 33. Bc1 Bd6 34. g4 g6 35. h4 h5 36. gxh5 gxh5 37. Rg1+ Kh7 38. Ke4 Ra1 39. f5 b4 40. fxe6 fxe6 41. Be3 Rxg1 42. Bxg1 bxc3 43. bxc3 Kg6 44. d5 exd5+ 45. Kxd5 Bg3 46. Kxc4 Bxh4 47. Kd5 Be7 48. c4 Kf5 49. Bh2 h4 50. Kc6 h3 51. Kd7 Bc5 52. Kc6 Ba3 53. Kd5 Kg4 54. Ke4 Bc5 55. Bc7 Bf2 56. Be5 Bg3 57. c5 Bxe5 58. Kxe5 h2 59. c6 h1Q 60. Kd6 Qh8 61. Kc7 Qe8 62. Kb7 Qe4 63. Kb6 Qb4+ 64. Ka7 Qc5+ 65. Kb7 Qb5+ 66. Kc7 Kf5 67. Kd6 Qd3+ 68. Kc7 Ke6 69. Kb6 Qb3+ 70. Ka7 Kd6 71. Ka8 Kxc6 0-1